Statistics for Most Widely-Spoken Languages In Africa (With A Map)

Click here to take the quiz!

General Stats

  • This quiz has been taken 1,112 times
  • The average score is 22 of 41

Answers on the Map

Answers color-coded by a green-red scale on the quiz's map according to % correct below.
 

Answer Stats

RankLanguageCitySpeakers% Correct
1ArabicCairo150,000,000
99%
2FrenchKinshasa120,000,000
93%
25EnglishJohannesburg6,500,000
89%
10SomaliMogadishu16,600,000
88%
21AfrikaansCape Town7,200,000
87%
12SwahiliNairobi15,000,000
87%
8AmharicAddis Ababa21,800,000
83%
15ZuluJohannesburg10,400,000
83%
11BerberFes16,000,000
82%
13PortugueseLuanda13,700,000
80%
9MalagasyAntananarivo18,000,000
76%
5IgboLagos27,000,000
75%
19XhosaCape Town7,600,000
74%
4YorubaLagos28,000,000
72%
29SothoMaseru5,600,000
68%
38SpanishMalabo1,100,000
68%
3HausaLagos34,000,000
66%
16KinyarwandaKigali9,800,000
64%
18KirundiBujumbura8,800,000
60%
6OromoAddis Ababa26,000,000
57%
28TswanaPretoria5,800,000
53%
23TigrinyaAsmara7,000,000
50%
32WolofDakar5,454,000
44%
7FulaConakry25,000,000
43%
38Mauritian CreolePort Louis1,100,000
43%
38Southern NdebeleBulawayo1,100,000
43%
21ShonaHarare7,200,000
41%
29KongoKinshasa5,600,000
37%
34Northern SothoPolokwane4,600,000
34%
37VendaPolokwane1,300,000
30%
31LingalaKinshasa5,500,000
29%
17ChewaLusaka9,700,000
28%
33TsongaMaputo5,000,000
28%
14AkanAccra11,000,000
27%
36LugandaKampala4,100,000
23%
19MossiOuagadougou7,600,000
19%
24GikuyuNyeri6,600,000
15%
35LuoNairobi4,200,000
15%
26Luba-KasaiKananga6,300,000
11%
27UmbunduBenguela6,000,000
10%
41DangmeAccra1,020,000
3%

Score Distribution

Percentile by Number Answered

Percent of People with Each Score

Your Score History

You have not taken this quiz